[Event "Hasselbacken Open 2016"]
[Site "Stockholm SWE"]
[Date "2016.05.03"]
[Round "4.12"]
[White "Greenfeld, Alon"]
[Black "Vidit, Santosh Gujrathi"]
[Result "0-1"]
[WhiteTitle "GM"]
[BlackTitle "GM"]
[WhiteElo "2541"]
[BlackElo "2648"]
[WhiteFideId "2800039"]
[BlackFideId "5029465"]
[EventDate "2016.04.30"]

1. c4 e5 2. g3 Nf6 3. Bg2 d5 4. cxd5 Nxd5 5. Nc3 Nb6 6. e3 Nc6 7. Nge2 h5 8. d4
h4 9. O-O Bd6 10. Ne4 Be7 11. b4 hxg3 12. hxg3 Bxb4 13. Qc2 exd4 14. Nxd4 Nxd4
15. exd4 Be7 16. a4 O-O 17. a5 Nd5 18. Nc3 Be6 19. Nxd5 Bxd5 20. Bxd5 Qxd5 21.
Qxc7 Bd6 22. Qd7 Rad8 23. Qa4 Rfe8 24. Qa2 Qh5 25. Qb3 Re2 26. Kg2 Rde8 27. Qf3
Qb5 28. Rh1 R8e6 29. Rh5 Qc4 30. Bf4 Rxf2+ 31. Qxf2 Re2 32. Be3 Qd3 33. Rah1 f6
34. Qxe2 Qxe2+ 35. Bf2 Qe4+ 36. Kg1 Qf3 37. R1h3 Kf7 38. Rb5 a6 39. Rbh5 Bc7 40.
Rc5 Bd6 41. Rch5 Bb4 42. R3h4 Kg6 43. g4 Bd2 44. Rf5 Qd1+ 0-1

[Event "Hasselbacken Open 2016"]
[Site "Stockholm SWE"]
[Date "2016.05.03"]
[Round "4.13"]
[White "Andreikin, Dmitry"]
[Black "Forsberg, Viktor"]
[Result "1-0"]
[WhiteTitle "GM"]
[BlackTitle "FM"]
[WhiteElo "2736"]
[BlackElo "2370"]
[WhiteFideId "4158814"]
[BlackFideId "1707914"]
[EventDate "2016.04.30"]

1. e4 e5 2. Nf3 Nc6 3. d4 exd4 4. Nxd4 Nge7 5. Bc4 Nxd4 6. Qxd4 Nc6 7. Qd5 Qf6
8. O-O Ne5 9. Be2 c6 10. Qb3 Bc5 11. Be3 Bxe3 12. Qxe3 g5 13. Nd2 d6 14. Nc4
Nxc4 15. Bxc4 Be6 16. Bxe6 fxe6 17. Rad1 Qe5 18. Qa3 Kd7 19. c4 Kc7 20. b4 c5
21. Rd3 Rhd8 22. Rfd1 cxb4 23. Qxb4 b6 24. g3 Rac8 25. c5 bxc5 26. Qa5+ Kd7 27.
Qb5+ Rc6 28. Ra3 Rc8 29. Rxa7+ Kd8 30. Rxh7 R8c7 31. Qb8+ Rc8 32. Qb7 R8c7 33.
Qa8+ Rc8 34. Qa5+ R6c7 35. Qb6 d5 36. exd5 Ke8 37. Rxc7 Rxc7 38. d6 1-0

[Event "Hasselbacken Open 2016"]
[Site "Stockholm SWE"]
[Date "2016.05.03"]
[Round "4.14"]
[White "Tkachiev, Vladislav"]
[Black "Rietze, Clemens"]
[Result "1-0"]
[WhiteTitle "GM"]
[BlackTitle "FM"]
[WhiteElo "2660"]
[BlackElo "2354"]
[WhiteFideId "618438"]
[BlackFideId "24620351"]
[EventDate "2016.04.30"]

1. Nf3 f5 2. d4 Nf6 3. Bg5 e6 4. Nbd2 Be7 5. Bxf6 Bxf6 6. e4 d5 7. e5 Be7 8. Bd3
b6 9. O-O O-O 10. a3 a5 11. Rc1 Na6 12. c4 c5 13. Re1 Bb7 14. cxd5 Bxd5 15. Bc4
Nc7 16. dxc5 bxc5 17. Nb3 Qb8 18. Bxd5 Nxd5 19. Nxc5 Bxc5 20. Rxc5 Qxb2 21. Qc1
Qb7 22. Ng5 Rfe8 23. Rd1 Ra6 24. Nxe6 Raxe6 25. Rdxd5 a4 26. h3 Qb3 27. Rd7 R8e7
28. Rxe7 Rxe7 29. Qg5 Qd1+ 30. Kh2 Qd7 31. Rc8+ Kf7 32. Qh5+ Ke6 33. Rf8 Kxe5
34. Qxh7 Rf7 35. f4+ Kf6 36. Qh4+ Ke6 37. Qe1+ Kf6 38. Qh4+ Ke6 39. Rb8 Re7 40.
Rb6+ Kd5 41. Qg3 Re4 42. Rb1 Rd4 43. Qe3 g6 44. Qxd4+ 1-0

[Event "Hasselbacken Open 2016"]
[Site "Stockholm SWE"]
[Date "2016.05.03"]
[Round "4.15"]
[White "Predojevic, Borki"]
[Black "Mihajlov, Sebastian"]
[Result "1/2-1/2"]
[WhiteTitle "GM"]
[BlackTitle "FM"]
[WhiteElo "2654"]
[BlackElo "2343"]
[WhiteFideId "930849"]
[BlackFideId "1512110"]
[EventDate "2016.04.30"]

1. e4 e5 2. Nf3 Nc6 3. Bb5 a6 4. Ba4 Nf6 5. O-O Be7 6. Re1 b5 7. Bb3 d6 8. a4
Bd7 9. c3 O-O 10. d4 h6 11. Nbd2 Re8 12. Nf1 Bf8 13. Bc2 exd4 14. Nxd4 b4 15.
Bd2 a5 16. Ng3 Rb8 17. Nxc6 Bxc6 18. cxb4 axb4 19. Rc1 Qd7 20. b3 Ba8 21. Bd3 c5
22. Qc2 g6 23. Rcd1 Rbd8 24. Bb5 Bc6 25. Bxc6 Qxc6 26. Bxb4 d5 27. Bc3 Nxe4 28.
Nxe4 dxe4 29. Rxd8 Rxd8 30. Qxe4 Qxe4 31. Rxe4 Rb8 32. Kf1 Rxb3 33. Rc4 Ra3 34.
Ke2 f5 35. Kd3 Bg7 36. Rxc5 Bxc3 37. Rxc3 Rxa4 1/2-1/2

[Event "Hasselbacken Open 2016"]
[Site "Stockholm SWE"]
[Date "2016.05.03"]
[Round "4.16"]
[White "Schneider, Stefan"]
[Black "Onischuk, Vladimir"]
[Result "1/2-1/2"]
[BlackTitle "GM"]
[WhiteElo "2359"]
[BlackElo "2620"]
[WhiteFideId "1703013"]
[BlackFideId "14114038"]
[EventDate "2016.04.30"]

1. d4 d6 2. c4 e5 3. e3 g6 4. Nc3 Nd7 5. Nf3 Bg7 6. Be2 Ngf6 7. Qc2 O-O 8. b4
Re8 9. Bb2 a5 10. a3 e4 11. Nd2 Qe7 12. Nb3 axb4 13. axb4 Rxa1+ 14. Bxa1 h5 15.
h3 Nf8 16. Bb2 g5 17. Nd2 g4 18. hxg4 hxg4 19. Nf1 Bf5 20. Ng3 Bg6 21. Qa4 c5
22. dxc5 dxc5 23. Nd5 Nxd5 24. Bxg7 Kxg7 25. cxd5 cxb4 26. d6 Qe5 27. Qxb4 Rd8
28. O-O Rxd6 29. Qxb7 Qe6 30. Qc7 Rd7 31. Qf4 f5 1/2-1/2

[Event "Hasselbacken Open 2016"]
[Site "Stockholm SWE"]
[Date "2016.05.03"]
[Round "4.17"]
[White "Olund, Joar"]
[Black "Rozentalis, Eduardas"]
[Result "1/2-1/2"]
[WhiteTitle "FM"]
[BlackTitle "GM"]
[WhiteElo "2339"]
[BlackElo "2584"]
[WhiteFideId "1714848"]
[BlackFideId "12800023"]
[EventDate "2016.04.30"]

1. d4 Nf6 2. Nf3 e6 3. c4 Nc6 4. a3 d6 5. Nc3 g6 6. g3 Bg7 7. Bg2 O-O 8. O-O Re8
9. Bf4 h6 10. e4 g5 11. Be3 Ng4 12. Bc1 e5 13. d5 Nd4 14. Nxd4 exd4 15. Nb5 Ne5
16. Nxd4 Nxc4 17. b3 Qf6 18. bxc4 Qxd4 19. Qxd4 Bxd4 20. Rb1 b6 21. Bb2 Bxb2 22.
Rxb2 g4 23. Rc1 Bd7 24. Re2 Re5 25. f4 gxf3 26. Bxf3 Rae8 27. Kf2 Kg7 28. Rce1
c5 29. Rb1 R8e7 30. Rbb2 f6 31. g4 Ba4 32. Rb1 Kf8 33. Kg3 Ke8 34. h3 Kd8 35.
Rf2 Rf7 36. Kf4 Rf8 37. Bd1 Bd7 38. a4 h5 39. Ra2 hxg4 40. hxg4 Be8 41. a5 Rxe4+ 1/2-1/2

[Event "Hasselbacken Open 2016"]
[Site "Stockholm SWE"]
[Date "2016.05.03"]
[Round "4.18"]
[White "Pratyusha, Bodda"]
[Black "Donchenko, Alexander"]
[Result "1/2-1/2"]
[WhiteTitle "WIM"]
[BlackTitle "GM"]
[WhiteElo "2318"]
[BlackElo "2573"]
[WhiteFideId "5000629"]
[BlackFideId "24603295"]
[EventDate "2016.04.30"]

1. d4 Nf6 2. c4 e6 3. Nc3 Bb4 4. Qc2 O-O 5. Nf3 c5 6. dxc5 Na6 7. g3 Nxc5 8. Bg2
b6 9. O-O Bb7 10. Nb5 Be4 11. Qd1 Nb7 12. Bf4 Rc8 13. Rc1 a6 14. Nd6 Nxd6 15.
Bxd6 Bxd6 16. Qxd6 Qc7 17. Qd4 Qb7 18. Rc3 Rc6 19. Rfc1 Rfc8 20. Ne1 Bxg2 21.
Nxg2 Rc5 22. Ne1 d6 23. f3 R5c6 24. e4 h6 25. Ng2 b5 26. cxb5 Rxc3 27. Rxc3 Rxc3
28. Qxc3 Qxb5 29. Nf4 Nd7 30. Nd3 d5 31. exd5 Qxd5 32. Nb4 Qd6 33. Nd3 Qd5 34.
Nb4 Qd6 35. Nd3 Kh7 36. Kg2 g6 37. b4 Qd5 1/2-1/2

[Event "Hasselbacken Open 2016"]
[Site "Stockholm SWE"]
[Date "2016.05.03"]
[Round "4.19"]
[White "Pajeken, Wolfgang"]
[Black "Tari, Aryan"]
[Result "1/2-1/2"]
[WhiteTitle "FM"]
[BlackTitle "IM"]
[WhiteElo "2269"]
[BlackElo "2549"]
[WhiteFideId "4622170"]
[BlackFideId "1510045"]
[EventDate "2016.04.30"]

1. Nf3 d5 2. d4 Nf6 3. c4 dxc4 4. e3 b5 5. b3 cxb3 6. Qxb3 a6 7. a4 bxa4 8.
Qxa4+ Bd7 9. Qc2 e6 10. Ne5 Nd5 11. Be2 Bd6 12. O-O O-O 13. Nd2 Nb4 14. Qe4 N8c6
15. Nxd7 Qxd7 16. Ba3 Nd5 17. Rfc1 Bxa3 18. Rxa3 Ncb4 19. Nb3 Qd6 20. Nc5 Rfe8
21. Qb1 e5 22. e4 Nf4 23. Bf1 Nc6 24. g3 Ne6 25. dxe5 Nxe5 26. Rac3 Nxc5 27.
Rxc5 Nf3+ 28. Kg2 Nd2 29. Qb7 Nxf1 30. Kxf1 Qd3+ 31. Kg1 Qxe4 32. Qxc7 g6 33. h4
h5 34. Qa5 Qf3 35. R5c3 Qf6 36. Rc6 Re6 37. Qd5 Rae8 38. Kg2 Kg7 39. R1c4 Rxc6
40. Rxc6 Re6 41. Rc8 Re2 42. Qc5 Qe7 43. Qd4+ Qe5 44. Qxe5+ Rxe5 45. Ra8 Re6 46.
Kf3 Kf6 47. Kf4 Rb6 48. f3 Rb4+ 49. Ke3 Ra4 50. Re8 Kf5 51. Re7 f6 52. Ra7 Ra3+
53. Kf2 g5 54. hxg5 fxg5 55. Rf7+ Kg6 56. Ra7 Ra2+ 57. Kg1 a5 58. Ra6+ Kf5 59.
Rh6 a4 60. Ra6 Ke5 61. Ra5+ Kd4 62. Rxg5 a3 63. Ra5 Ke3 64. g4 h4 65. g5 Kxf3
66. g6 Rg2+ 67. Kh1 Rxg6 68. Rxa3+ Kf2 69. Ra2+ 1/2-1/2

[Event "Hasselbacken Open 2016"]
[Site "Stockholm SWE"]
[Date "2016.05.03"]
[Round "4.20"]
[White "Aronsson, Marten"]
[Black "Smith, Axel"]
[Result "0-1"]
[BlackTitle "IM"]
[WhiteElo "2304"]
[BlackElo "2503"]
[WhiteFideId "1724223"]
[BlackFideId "1707930"]
[EventDate "2016.04.30"]

1. Nf3 d5 2. c4 d4 3. b4 g6 4. Bb2 Bg7 5. e3 e5 6. exd4 exd4 7. Be2 Ne7 8. O-O
O-O 9. d3 a5 10. a3 c5 11. bxc5 Na6 12. Nbd2 Nxc5 13. Ng5 Bf5 14. Qc2 Nc6 15.
Ngf3 Re8 0-1

[Event "Hasselbacken Open 2016"]
[Site "Stockholm SWE"]
[Date "2016.05.03"]
[Round "4.21"]
[White "Geenen, Marc"]
[Black "Brunner, Nicolas"]
[Result "0-1"]
[WhiteTitle "FM"]
[BlackTitle "IM"]
[WhiteElo "2264"]
[BlackElo "2447"]
[WhiteFideId "200085"]
[BlackFideId "620246"]
[EventDate "2016.04.30"]

1. e4 c5 2. Nc3 a6 3. Nf3 d6 4. d4 cxd4 5. Nxd4 Nf6 6. f4 e5 7. Nf5 Nc6 8. Bd3
Bxf5 9. exf5 Qb6 10. Bc4 Be7 11. Bb3 Rd8 12. Nd5 Nxd5 13. Qxd5 O-O 14. c3 e4 15.
Ke2 Bf6 16. Be3 Qc7 17. g4 Ne7 18. Qc4 Qd7 19. Kf2 d5 20. Qe2 d4 21. cxd4 Nd5
22. Bxd5 Qxd5 23. Rhd1 Rc8 24. Rd2 Rc6 25. Kg3 Rfc8 26. Bf2 Bd8 27. a3 Ba5 28.
b4 Rc3+ 29. Be3 Qb3 30. Kf2 Bb6 31. Rb2 Qd5 32. Kf1 h5 33. h3 Rxe3 34. Qxe3 Bxd4
35. Qb3 Qxb3 0-1

[Event "Hasselbacken Open 2016"]
[Site "Stockholm SWE"]
[Date "2016.05.03"]
[Round "4.22"]
[White "Eriksson, Jorgen"]
[Black "Almasi, Istvan"]
[Result "0-1"]
[BlackTitle "IM"]
[WhiteElo "2231"]
[BlackElo "2420"]
[WhiteFideId "1701967"]
[BlackFideId "701742"]
[EventDate "2016.04.30"]

1. d4 Nf6 2. Nf3 c5 3. c4 cxd4 4. Nxd4 e6 5. g3 Bb4+ 6. Bd2 Qb6 7. Bxb4 Qxb4+ 8.
Qd2 Qxc4 9. Nc3 O-O 10. Rc1 Nc6 11. Ndb5 d5 12. Nc7 Rb8 13. N3xd5 Qxa2 14. Nxf6+
gxf6 15. Bg2 Rd8 16. Qc3 Qa5 17. Qxa5 Nxa5 18. O-O Bd7 19. Ra1 Nc6 20. Nb5 a6
21. Nd6 Kf8 22. Ne4 Ke7 23. Nc5 Be8 24. e3 Rd2 25. Rfc1 Nd8 26. b4 Rd6 27. h4
Rb6 28. Nd3 Bb5 29. Rc7+ Kd6 30. Rc3 Nc6 31. Rd1 Ke7 32. Bxc6 Bxc6 33. Rdc1 Rd8
34. Nc5 Rd2 35. b5 Rxb5 36. Nxa6 Rbb2 37. Nb8 Rxf2 38. Nxc6+ bxc6 39. Rxc6 Rg2+
40. Kf1 Rh2 41. Kg1 Rbg2+ 42. Kf1 Rxg3 0-1

[Event "Hasselbacken Open 2016"]
[Site "Stockholm SWE"]
[Date "2016.05.03"]
[Round "4.23"]
[White "Kalodoukas, Odysseas"]
[Black "Lindberg, Bo 1984"]
[Result "0-1"]
[BlackTitle "FM"]
[WhiteElo "2042"]
[BlackElo "2397"]
[WhiteFideId "4266110"]
[BlackFideId "1705997"]
[EventDate "2016.04.30"]

1. Nf3 Nf6 2. d4 e6 3. c4 c5 4. Nc3 cxd4 5. Nxd4 Nc6 6. e3 a6 7. Be2 Qc7 8. O-O
Be7 9. b3 O-O 10. Bb2 d6 11. Rc1 Ne5 12. Qd2 b6 13. f4 Ned7 14. Bf3 Bb7 15. e4
Rfe8 16. Kh1 Bf8 17. Nde2 Rad8 18. Rcd1 Qb8 19. Qe3 Qa8 20. Ba3 Qb8 21. Qc1 Nc5
22. Qc2 Rc8 23. Qb1 Bc6 24. b4 Na4 25. b5 Nxc3 26. Nxc3 Bb7 27. Qb3 a5 28. c5
bxc5 29. Qc4 Nd7 30. Na4 Qa7 31. Bb2 Nb6 32. Nxb6 Qxb6 33. a4 Rcd8 34. Rd2 Qa7
35. Rfd1 Qa8 36. h3 f5 37. exf5 Bxf3 38. gxf3 Qxf3+ 39. Kh2 d5 40. Qc3 Qxf4+ 0-1

[Event "Hasselbacken Open 2016"]
[Site "Stockholm SWE"]
[Date "2016.05.03"]
[Round "4.24"]
[White "Kjartansson, Gudmundur"]
[Black "Lundin, Jan"]
[Result "1-0"]
[WhiteTitle "IM"]
[BlackTitle "FM"]
[WhiteElo "2457"]
[BlackElo "2275"]
[WhiteFideId "2301318"]
[BlackFideId "1706896"]
[EventDate "2016.04.30"]

1. Nf3 d5 2. c4 c6 3. d4 Nf6 4. Nc3 a6 5. e3 b5 6. b3 Bg4 7. Qc2 Bxf3 8. gxf3 g6
9. f4 Bg7 10. c5 O-O 11. Bd3 e6 12. Ne2 Ng4 13. Bd2 a5 14. f3 Qh4+ 15. Ng3 Nh6
16. O-O-O Nd7 17. Rdg1 Nf5 18. Nxf5 exf5 19. Rg5 Kh8 20. Be1 Qh6 21. h4 Bf6 22.
Rgg1 Qh5 23. Qf2 Rfe8 24. Bd2 b4 25. a4 bxa3 26. Kc2 Reb8 27. Ra1 Qh6 28. h5 Qf8
29. e4 dxe4 30. fxe4 fxe4 31. Bxe4 Qe8 32. Qf3 Bxd4 33. hxg6 Nf6 34. Bxc6 Qe7
35. Rac1 Ra7 36. Kb1 fxg6 37. Rc4 Bxc5 38. Ka2 Bb4 39. Be3 Rc7 40. Bd4 Rd8 41.
Rh2 a4 42. Re2 Rxd4 43. Rxd4 axb3+ 44. Kxb3 Qc5 45. Rc4 Qd6 46. Rec2 Ba5 47. Ra4
Bb6 48. Ra6 Qe6+ 49. Kxa3 Bd4 50. Qd3 Qd6+ 51. Kb3 Re7 52. Rd2 Re3 53. Ra8+ Kg7
54. Qxe3 Qxc6 55. Qe7+ Kh6 56. Rh2+ Nh5 57. Rxh5+ gxh5 58. Qg5# 1-0

[Event "Hasselbacken Open 2016"]
[Site "Stockholm SWE"]
[Date "2016.05.03"]
[Round "4.25"]
[White "Akesson, Ralf"]
[Black "Brzezinski, Adam"]
[Result "1-0"]
[WhiteTitle "GM"]
[WhiteElo "2452"]
[BlackElo "2203"]
[WhiteFideId "1700120"]
[BlackFideId "1710460"]
[EventDate "2016.04.30"]

1. d4 Nf6 2. c4 c5 3. d5 e6 4. Nc3 exd5 5. cxd5 d6 6. e4 g6 7. f4 Bg7 8. Bb5+
Nfd7 9. a4 O-O 10. Nf3 Na6 11. O-O Nb4 12. Re1 a6 13. Bf1 Re8 14. h3 f5 15. Ng5
Nf8 16. Bc4 Bd4+ 17. Be3 Qf6 18. Nf3 Bxc3 19. bxc3 fxe4 20. cxb4 exf3 21. Qxf3
cxb4 22. Qf2 Bd7 23. Bd4 Qf7 24. Bb2 Rxe1+ 25. Rxe1 Re8 26. Rxe8 Qxe8 27. Qd4
Qe7 28. a5 Kf7 29. Kh2 Ke8 30. Qd2 Qf7 31. Bc1 Bb5 32. Qe2+ Kd8 33. Bxb5 axb5
34. Qxb5 h5 35. Bd2 Nh7 36. Qb6+ Qc7 37. Qxb4 Nf6 38. Qd4 Qf7 39. f5 gxf5 40.
Bg5 Ke7 41. Kg3 Qg6 42. Kh4 1-0

[Event "Hasselbacken Open 2016"]
[Site "Stockholm SWE"]
[Date "2016.05.03"]
[Round "4.26"]
[White "Anurag, Mhamal"]
[Black "Ronneland, Daniel"]
[Result "0-1"]
[WhiteTitle "IM"]
[WhiteElo "2421"]
[BlackElo "2196"]
[WhiteFideId "5024366"]
[BlackFideId "1702130"]
[EventDate "2016.04.30"]

1. e4 e5 2. Nf3 Nc6 3. Bb5 a6 4. Ba4 Nf6 5. Qe2 Bd6 6. c3 O-O 7. O-O Re8 8. d3
Bf8 9. Rd1 h6 10. Nbd2 b5 11. Bc2 d5 12. Nf1 Bb7 13. Ng3 g6 14. h4 h5 15. Bg5
dxe4 16. dxe4 Qe7 17. a4 b4 18. a5 Bg7 19. Ba4 Reb8 20. cxb4 Qxb4 21. Rdc1 Qd6
22. Qc2 Nd4 23. Nxd4 exd4 24. Qxc7 Nxe4 25. Bf4 Qd5 26. Nxe4 Rc8 27. f3 Rxc7 28.
Rxc7 d3 29. Be3 Bd4 30. Kf1 Rb8 31. Rac1 Qe5 32. Bxd4 Qxd4 33. Nc5 Bd5 34. b3 d2
35. Rd1 Rb4 36. Be8 Qe3 37. Rc8 Kg7 0-1

[Event "Hasselbacken Open 2016"]
[Site "Stockholm SWE"]
[Date "2016.05.03"]
[Round "4.27"]
[White "Evertsson, Lennart"]
[Black "Christiansen, Johan-Sebastian"]
[Result "1-0"]
[BlackTitle "IM"]
[WhiteElo "2198"]
[BlackElo "2410"]
[WhiteFideId "1705156"]
[BlackFideId "1512668"]
[EventDate "2016.04.30"]

1. c4 e5 2. Nc3 Nc6 3. Nf3 Nf6 4. d4 exd4 5. Nxd4 Bb4 6. Nxc6 bxc6 7. Qc2 O-O 8.
Bg5 h6 9. Bh4 d5 10. e3 g5 11. Bg3 Ne4 12. Bd3 f5 13. f3 Nxg3 14. hxg3 d4 15.
exd4 Re8+ 16. Kd2 Qxd4 17. Rae1 Rd8 18. Rxh6 Ba6 19. b3 Rd7 20. Rg6+ Kf8 21.
Rxg5 Qf6 22. f4 Rxd3+ 23. Kxd3 Rd8+ 24. Ke2 Re8+ 25. Kf3 Rxe1 26. Rxf5 Bxc3 27.
Rxf6+ Bxf6 28. Qf5 Ke7 29. Qa5 Re6 30. Qxa6 Bd4 31. f5 Re3+ 32. Kf4 Kd7 33. g4
Re2 34. c5 Rf2+ 35. Kg3 Bxc5 36. Qc4 Bb6 37. Qe6+ Kd8 38. g5 Rd2 39. Qxc6 Rd3+
40. Kg4 Rd4+ 41. Kh5 a5 42. f6 Rf4 43. Kg6 a4 44. f7 1-0

[Event "Hasselbacken Open 2016"]
[Site "Stockholm SWE"]
[Date "2016.05.03"]
[Round "4.28"]
[White "Stark, Lars"]
[Black "Risting, Eivind Olav"]
[Result "1-0"]
[WhiteTitle "IM"]
[BlackTitle "FM"]
[WhiteElo "2409"]
[BlackElo "2175"]
[WhiteFideId "4676386"]
[BlackFideId "1517333"]
[EventDate "2016.04.30"]

1. Nf3 d5 2. c4 c6 3. g3 Nf6 4. Bg2 Bg4 5. Ne5 Be6 6. cxd5 Bxd5 7. Nf3 c5 8. Nc3
Bc6 9. O-O e6 10. d3 Be7 11. e4 O-O 12. a4 b6 13. Qe2 Bb7 14. Rd1 Nc6 15. Be3
Ng4 16. Bf4 e5 17. Bd2 Nf6 18. Nb5 Re8 19. Bc3 Bf8 20. Bh3 a6 21. Na3 g6 22. Qc2
Bc8 23. Bxc8 Rxc8 24. Qb3 Qc7 25. Kg2 Bg7 26. Bd2 Rb8 27. Rac1 Qd7 28. Qc4 Qb7
29. a5 Bf8 30. axb6 Qxb6 31. Qa4 Nd7 32. Ra1 Ra8 33. Bc3 f6 34. Nc4 Qb5 35. Qa2
Kg7 36. Ne3 Nb6 37. Nd2 a5 38. Ndc4 Nxc4 39. Qxc4 Qb7 40. Ra4 Ra7 41. Rda1 Rea8
42. Nd5 Bd6 43. Ne3 Nb4 44. Bxb4 axb4 45. Rxa7 Rxa7 46. Rf1 Qf7 47. Nd5 Qd7 48.
Qc2 Ra2 49. Nb6 Qc6 50. Nc4 Be7 51. Qe2 Ra7 52. Ne3 Ra2 53. Rc1 Qb5 54. Rd1 Bd8
55. Qg4 Qc6 56. Rc1 Ra8 57. Qd1 Be7 58. Nd5 Qb7 59. Ra1 Rxa1 60. Qxa1 Qd7 61.
Qa8 Bd6 62. h4 Be7 63. Qb8 Bd6 64. Qg8+ Kxg8 65. Nxf6+ Kf7 66. Nxd7 Ke6 67. Nb6
Bc7 68. Nc4 Bd8 69. Kf3 h5 70. Kg2 Be7 71. Kf3 Bd8 72. Ke3 Bf6 73. Kd2 g5 74.
hxg5 Bxg5+ 75. Ke2 Bd8 76. f4 exf4 77. gxf4 Bh4 78. b3 Bg3 79. Kf3 Be1 80. f5+
Kf6 81. Kf4 h4 82. e5+ Ke7 83. Kg4 Bg3 84. e6 Kf6 85. Ne3 1-0

[Event "Hasselbacken Open 2016"]
[Site "Stockholm SWE"]
[Date "2016.05.03"]
[Round "4.29"]
[White "Krupenski, Juri"]
[Black "Hammar, Bengt"]
[Result "1-0"]
[WhiteTitle "FM"]
[BlackTitle "FM"]
[WhiteElo "2395"]
[BlackElo "2168"]
[WhiteFideId "4501101"]
[BlackFideId "1700391"]
[EventDate "2016.04.30"]

1. e4 c5 2. Nf3 d6 3. d4 cxd4 4. Nxd4 Nf6 5. Nc3 a6 6. Be3 e6 7. a4 b6 8. Be2
Bb7 9. f3 Be7 10. O-O O-O 11. Qd2 Qc7 12. Rfd1 Nbd7 13. a5 b5 14. Ndxb5 axb5 15.
Nxb5 Qd8 16. Nxd6 Bxd6 17. Qxd6 Rxa5 18. Bb6 Qxb6+ 19. Qxb6 Nxb6 20. Rxa5 Rb8
21. Rd6 Na8 22. Rb5 Kf8 23. Rb3 Ke7 24. Rd4 Nd7 25. Rdb4 Nc5 26. Rc3 Nd7 27.
Rcb3 Nc5 28. Ra3 Kd6 29. Ra5 Rc8 30. Rbb5 Rc7 31. e5+ 1-0

[Event "Hasselbacken Open 2016"]
[Site "Stockholm SWE"]
[Date "2016.05.03"]
[Round "4.30"]
[White "Prakken, Gerrit"]
[Black "Sagit, Rauan"]
[Result "0-1"]
[WhiteTitle "FM"]
[BlackTitle "FM"]
[WhiteElo "2184"]
[BlackElo "2389"]
[WhiteFideId "1004018"]
[BlackFideId "1708376"]
[EventDate "2016.04.30"]

1. Nf3 d5 2. c4 d4 3. g3 g6 4. Bg2 Bg7 5. O-O e5 6. d3 Ne7 7. b4 O-O 8. a4 a5 9.
b5 c5 10. Ra2 Ra7 11. e3 dxe3 12. fxe3 b6 13. e4 Rd7 14. Ne1 Rd4 15. Nc3 Qd6 16.
Raf2 Nd7 17. Be3 Nf6 18. h3 Nh5 19. Rf3 f5 20. Nd5 Nxd5 21. Bxd4 exd4 22. cxd5
Nxg3 23. R1f2 Bh6 24. Nc2 Re8 25. Na3 fxe4 26. Nc4 Qb8 27. dxe4 Nxe4 28. Re2 Bf5
29. Qe1 Qd8 30. d6 Nxd6 31. Rxf5 Rxe2 32. Qxe2 Nxf5 33. Qe6+ Kh8 34. Ne5 Be3+
35. Kh1 Qf8 36. Bf3 Nh6 37. Kg2 Bf4 38. Nd7 Qd8 39. Nxb6 Nf5 40. Nd5 Ne3+ 41.
Nxe3 dxe3 42. Bd5 Qg5+ 43. Kf1 Kg7 44. Qf7+ Kh6 45. Bf3 Be5 46. Qf8+ Bg7 47. Qe8
Qf4 48. Qe4 Qxe4 49. Bxe4 Kg5 50. Ke2 Kf4 51. Bd5 Ke5 52. Bg8 Kd4 53. Bxh7 g5
54. Bd3 Be5 55. Bf5 Bc7 56. Be6 Bb6 57. Bf7 c4 58. Be6 Kc3 59. Bf7 Kb4 60. Be6
Kxa4 61. Bxc4 Kb4 62. Be6 Kc3 63. Kd1 Kb2 0-1

[Event "Hasselbacken Open 2016"]
[Site "Stockholm SWE"]
[Date "2016.05.03"]
[Round "4.31"]
[White "Aguera Naredo, Javier"]
[Black "Isetoft, Daniel"]
[Result "1-0"]
[WhiteTitle "FM"]
[WhiteElo "2369"]
[BlackElo "2173"]
[WhiteFideId "2204169"]
[BlackFideId "1708996"]
[EventDate "2016.04.30"]

1. e4 c5 2. Nf3 d6 3. d4 cxd4 4. Nxd4 Nf6 5. Nc3 a6 6. Bc4 Qc7 7. Bb3 Nbd7 8.
O-O Nc5 9. Nd5 Nxd5 10. exd5 g6 11. Bg5 h6 12. Be3 Bg7 13. Qd2 Ne4 14. Qe2 O-O
15. Bxh6 Nc3 16. Qd2 Bxd4 17. Bxf8 Kxf8 18. bxc3 Bxc3 19. Qe3 b5 20. Rab1 a5 21.
a4 b4 22. h4 Ba6 23. Rfd1 Kg7 24. h5 Rh8 25. hxg6 fxg6 26. Rd4 Bxd4 27. Qxd4+
Kh7 28. Re1 Re8 29. Re4 Qc3 30. Qa7 Qa1+ 31. Kh2 Qf1 32. Rh4+ Kg7 33. Qd4+ 1-0

[Event "Hasselbacken Open 2016"]
[Site "Stockholm SWE"]
[Date "2016.05.03"]
[Round "4.32"]
[White "Jogstad, Martin"]
[Black "Van Foreest, Lucas"]
[Result "0-1"]
[WhiteElo "2176"]
[BlackElo "2368"]
[WhiteFideId "1715364"]
[BlackFideId "1039792"]
[EventDate "2016.04.30"]

1. c4 Nf6 2. Nc3 e6 3. g3 d5 4. Bg2 Be7 5. Nf3 d4 6. Nb1 c5 7. O-O Nc6 8. d3 e5
9. a3 O-O 10. Re1 Bg4 11. Qb3 Qc7 12. Nbd2 h6 13. e3 Nd7 14. Qc2 a5 15. Rb1 Bf5
16. Ne4 Bh7 17. exd4 cxd4 18. c5 a4 19. Nfd2 Qa5 20. Re2 Nxc5 21. Nc4 Qb5 22.
Nxc5 Qxc5 23. b4 axb3 24. Qxb3 b5 25. Qxb5 Bxd3 26. Bxc6 Bxe2 27. Bxa8 Bxc4 28.
Qxc5 Bxc5 29. Bf3 f5 30. Rb7 Rc8 31. g4 e4 32. Bd1 e3 33. Bf3 f4 34. Rd7 d3 35.
Bd5+ Bxd5 36. Rxd5 e2 37. Bd2 Be3 0-1

[Event "Hasselbacken Open 2016"]
[Site "Stockholm SWE"]
[Date "2016.05.03"]
[Round "4.33"]
[White "Steneskog, Per"]
[Black "Cramling, Dan"]
[Result "1/2-1/2"]
[BlackTitle "IM"]
[WhiteElo "2166"]
[BlackElo "2354"]
[WhiteFideId "1704826"]
[BlackFideId "1700162"]
[EventDate "2016.04.30"]

1. d4 Nf6 2. c4 c5 3. d5 b5 4. cxb5 a6 5. b6 Qxb6 6. Nc3 g6 7. Nf3 Bg7 8. e4 d6
9. Nd2 Nbd7 10. a4 O-O 11. a5 Qb4 12. Be2 Ne8 13. O-O Nc7 14. Nc4 Rb8 15. Na4
Ne5 16. Nab6 Nxc4 17. Bxc4 Rxb6 18. Ra4 Qxa4 19. Qxa4 Rb4 20. Qc2 Nb5 21. b3 Nd4
22. Qa2 f5 23. Bd2 Rb8 24. Bg5 Kf7 25. Re1 h6 26. Be3 fxe4 27. Bxd4 Bxd4 28.
Rxe4 e5 29. dxe6+ Ke7 30. Rxd4 cxd4 1/2-1/2

[Event "Hasselbacken Open 2016"]
[Site "Stockholm SWE"]
[Date "2016.05.03"]
[Round "4.34"]
[White "Nihal, Sarin"]
[Black "Adler, Bo"]
[Result "1-0"]
[WhiteTitle "FM"]
[WhiteElo "2351"]
[BlackElo "2162"]
[WhiteFideId "25092340"]
[BlackFideId "1702149"]
[EventDate "2016.04.30"]

1. d4 Nf6 2. c4 e6 3. Nf3 d5 4. Nc3 Bb4 5. Bg5 Nbd7 6. cxd5 exd5 7. Qc2 c5 8.
dxc5 Qa5 9. Bd2 O-O 10. e3 Nxc5 11. a3 Nce4 12. Nxe4 1-0